000 00871nam a2200241Ia 4500
003 OSt
005 20220923212848.0
006 a|||||r|||| 00| 0
007 ta
008 220922b |||||||| |||| 00| 0 hin d
024 _a156,363
037 _cTextual
040 _aARTS
_cARTS
_bhin
041 _2hin
_ahin
082 _aO152:g, N1
100 _aउपाध्याय, विश्वम्भरनाथ; उपाध्याय, मंजुल
_9162786
245 0 _aदुन्दु प्रति दुन्दु
246 _aDundu prati dundu
260 _aजयपुर
_b चिन्मय प्रकाशन
_c1991
300 _a215 पृ.
_ccm.
942 _hO152:g, N1
_cTEXL
_2CC
999 _c311681
_d311681